[Event "España ch Sub-16 2008"]
[Site "Padron ESP"]
[Date "2008.07.24"]
[Round "7.2"]
[White "Espinosa Aranda, Angel"]
[Black "Garcia Molina, Francisco Miguel"]
[Result "1-0"]
[PlyCount "65"]
[EventDate "2008.07.20"]
[EventType "swiss"]
[EventRounds "9"]
[EventCountry "ESP"]
[Source "lmi"]
[SourceDate "2008.07.20"]
[WhiteElo "2313"]
[BlackElo "2144"]

1. d4 f5 2. Nf3 Nf6 3. g3 g6 4. c4 Bg7 5. b4 O-O 6. Bb2 d6 7. Bg2 Qe8 8. O-O h6
9. Nbd2 g5 10. e3 c6 11. a4 e5 12. dxe5 Nh7 13. c5 d5 14. Qc2 Nd7 15. e6 Qxe6
16. Bxg7 Kxg7 17. Nd4 Qg6 18. f4 g4 19. b5 Rf6 20. Rfe1 Nhf8 21. N2b3 h5 22.
Rab1 h4 23. Qc3 Kh7 24. Bf1 hxg3 25. hxg3 Qh5 26. Bg2 Qe8 27. Kf2 a6 28. Rh1+
Kg6 29. bxc6 bxc6 30. Rh8 Qe7 31. Rbh1 Qg7 32. Bf1 Bb7 33. Na5 1-0

[Event "España ch Sub-16 2008"]
[Site "Padron ESP"]
[Date "2008.07.24"]
[Round "7.3"]
[White "Anaya Lopez, Victor Jose"]
[Black "Pardo Simon, David"]
[Result "0-1"]
[PlyCount "140"]
[EventDate "2008.07.20"]
[EventType "swiss"]
[EventRounds "9"]
[EventCountry "ESP"]
[Source "lmi"]
[SourceDate "2008.07.20"]
[WhiteElo "2046"]
[BlackElo "2204"]

1. e4 e5 2. Nf3 Nc6 3. Bb5 a6 4. Ba4 Nf6 5. d3 b5 6. Bb3 Be7 7. O-O d6 8. c3
O-O 9. Nbd2 Na5 10. Bc2 c5 11. Re1 Nc6 12. Nf1 Nd7 13. Ne3 Nb6 14. d4 exd4 15.
cxd4 cxd4 16. Nxd4 Nxd4 17. Qxd4 Qc7 18. Bd2 Bf6 19. Qd3 g6 20. Ba5 Be6 21. Bb3
Bxb2 22. Rab1 Be5 23. a4 Qa7 24. axb5 axb5 25. Bxb6 Qxb6 26. Bxe6 fxe6 27. Rxb5
Qa6 28. Ng4 Bg7 29. Rb3 Qc6 30. Rbb1 d5 31. exd5 exd5 32. Rbc1 Qd6 33. Rcd1 d4
34. Qe4 Kh8 35. h3 Ra5 36. Nh2 Raf5 37. Nf3 Rf4 38. Qe7 Qd5 39. Rd3 h6 40. Qe6
Qa5 41. Red1 g5 42. Rxd4 Rxd4 43. Nxd4 Bxd4 44. Rxd4 Qa1+ 45. Kh2 Qxd4 46.
Qxh6+ Kg8 47. Qxg5+ Qg7 48. Qd5+ Rf7 49. Qd8+ Kh7 50. Qh4+ Qh6 51. Qe4+ Kg8 52.
Qg4+ Kh8 53. Qc8+ Rf8 54. Qc3+ Qf6 55. Qc5 Qf4+ 56. Kh1 Rd8 57. g3 Qf3+ 58. Kh2
Rf8 59. Kg1 Qf5 60. Qd4+ Kh7 61. Kg2 Re8 62. h4 Qe4+ 63. Qxe4+ Rxe4 64. f4 Ra4
65. Kf3 Ra3+ 66. Kf2 Ra2+ 67. Kf3 Rh2 68. f5 Kg7 69. Kf4 Kf6 70. Ke4 Rh1 0-1

[Event "España ch Sub-16 2008"]
[Site "Padron ESP"]
[Date "2008.07.24"]
[Round "7.4"]
[White "Herrera Delgado, Alejandro"]
[Black "Pintor Munoz, Antonio"]
[Result "1-0"]
[PlyCount "51"]
[EventDate "2008.07.20"]
[EventType "swiss"]
[EventRounds "9"]
[EventCountry "ESP"]
[Source "lmi"]
[SourceDate "2008.07.20"]
[WhiteElo "2204"]
[BlackElo "2076"]

1. e4 e6 2. d4 d5 3. Nc3 Nf6 4. Bg5 Bb4 5. e5 h6 6. Be3 Ne4 7. Qg4 g6 8. Bd3
Nxc3 9. Bd2 Nxa2 10. c3 Nxc3 11. bxc3 Be7 12. h4 h5 13. Qf4 a5 14. Rh3 c6 15.
Rf3 Rh7 16. Nh3 Kd7 17. Ng5 Bxg5 18. hxg5 b5 19. Qxf7+ Rxf7 20. Rxf7+ Qe7 21.
Bxg6 h4 22. O-O-O Ke8 23. Rxe7+ Kxe7 24. Bh7 Kf7 25. g6+ Kg7 26. Bg5 1-0

[Event "España ch Sub-16 2008"]
[Site "Padron ESP"]
[Date "2008.07.24"]
[Round "7.5"]
[White "Martin Fuentes, Alberto"]
[Black "Gago Padreny, Ignacio"]
[Result "1-0"]
[PlyCount "107"]
[EventDate "2008.07.20"]
[EventType "swiss"]
[EventRounds "9"]
[EventCountry "ESP"]
[Source "lmi"]
[SourceDate "2008.07.20"]
[WhiteElo "2124"]
[BlackElo "2169"]

1. e4 c5 2. Nc3 d6 3. d4 cxd4 4. Qxd4 Nc6 5. Bb5 Bd7 6. Bxc6 Bxc6 7. Bg5 Nf6 8.
f4 h6 9. Bh4 Qa5 10. O-O-O g5 11. fxg5 hxg5 12. Bf2 Bg7 13. Nge2 Rg8 14. Qd3
Nd7 15. Bd4 Ne5 16. Bxe5 Bxe5 17. h3 Rc8 18. Nd4 e6 19. Rhf1 a6 20. Qf3 Qc7 21.
Qh5 Qe7 22. Nxc6 Rxc6 23. Ne2 Rc4 24. Qf3 Rh8 25. c3 b5 26. Kb1 Rh4 27. Nd4 b4
28. Qd3 Qc7 29. Rc1 bxc3 30. Rxc3 Rxc3 31. bxc3 Bxd4 32. Qxd4 f5 33. Rd1 Rxe4
34. Qxd6 Qxd6 35. Rxd6 Re2 36. g3 Re3 37. Kc2 Ke7 38. Rd3 Re5 39. c4 Rc5 40.
Kc3 e5 41. Kb4 Rc6 42. c5 e4 43. Rd1 f4 44. gxf4 gxf4 45. Rd4 Re6 46. c6 e3 47.
c7 e2 48. c8=Q e1=Q+ 49. Ka4 Qe5 50. Rd7+ Kf6 51. Qh8+ Kg6 52. Qh7+ Kf6 53.
Rf7+ Kg5 54. Rg7+ 1-0

[Event "España ch Sub-16 2008"]
[Site "Padron ESP"]
[Date "2008.07.24"]
[Round "7.6"]
[White "Senlle Caride, Miguel"]
[Black "Hernandez Munoz, Antonio"]
[Result "0-1"]
[PlyCount "76"]
[EventDate "2008.07.20"]
[EventType "swiss"]
[EventRounds "9"]
[EventCountry "ESP"]
[Source "lmi"]
[SourceDate "2008.07.20"]
[WhiteElo "2289"]
[BlackElo "2044"]

1. e4 c5 2. Nf3 d6 3. d4 cxd4 4. Nxd4 Nf6 5. Nc3 a6 6. Be3 e5 7. Nb3 Be6 8. Qd2
Be7 9. f4 Qc7 10. f5 Bc4 11. h3 b5 12. O-O-O Nbd7 13. Kb1 Rb8 14. g4 h6 15. Rg1
a5 16. h4 b4 17. Nd5 Bxd5 18. exd5 a4 19. Nc1 Ne4 20. Qd3 Ndc5 21. Bxc5 Nxc5
22. Qc4 Qb6 23. f6 Bxf6 24. g5 hxg5 25. hxg5 Be7 26. g6 f5 27. Nd3 Rh4 28. Nxe5
dxe5 29. Qe2 Ne4 30. Qa6 Qxa6 31. Bxa6 Bd6 32. Rgf1 f4 33. Bd3 Nc5 34. Bf5 Ke7
35. Rde1 Rbh8 36. a3 b3 37. cxb3 Nxb3 38. Rf2 Rh1 0-1

[Event "España ch Sub-16 2008"]
[Site "Padron ESP"]
[Date "2008.07.24"]
[Round "7.7"]
[White "Santana Montero, Pedro Luis"]
[Black "Chueca Forcen, Alberto"]
[Result "0-1"]
[PlyCount "160"]
[EventDate "2008.07.20"]
[EventType "swiss"]
[EventRounds "9"]
[EventCountry "ESP"]
[Source "lmi"]
[SourceDate "2008.07.20"]
[WhiteElo "1969"]
[BlackElo "2254"]

1. e4 Nf6 2. e5 Nd5 3. d4 d6 4. c4 Nb6 5. exd6 exd6 6. Nc3 Be7 7. Bd3 c6 8. h3
d5 9. c5 N6d7 10. Nf3 a5 11. O-O Na6 12. Bf4 O-O 13. Re1 Nf6 14. Qd2 Nc7 15.
Re2 Ne6 16. Bh2 Re8 17. Rae1 Bd7 18. Bb1 g6 19. Ne5 Bc8 20. f4 Ng7 21. g4 Nd7
22. f5 Nxe5 23. Bxe5 f6 24. Bh2 g5 25. Na4 b5 26. Nb6 Ra7 27. Bb8 Rb7 28. Bg3
a4 29. Qa5 Kf7 30. Qa8 Rh8 31. Bc2 h5 32. b3 hxg4 33. hxg4 axb3 34. Bxb3 Re8
35. a4 bxa4 36. Bxa4 Rxb6 37. cxb6 Qxb6 38. Bf2 Bb7 39. Rxe7+ Rxe7 40. Rxe7+
Kxe7 41. Qg8 Ne8 42. Qe6+ Kf8 43. Kg2 Qa6 44. Bd1 Qa3 45. Bf3 Qc3 46. Qd7 Qb4
47. Qd8 Ba6 48. Qd7 Bb5 49. Qh7 Qc3 50. Qh8+ Ke7 51. Qh7+ Kd8 52. Qb7 Bf1+ 53.
Kxf1 Qxf3 54. Qb8+ Kd7 55. Qb7+ Nc7 56. Qb1 Qh1+ 57. Bg1 Qh3+ 58. Kf2 Qxg4 59.
Qd3 Nb5 60. Kf1 Qf4+ 61. Ke2 Qg4+ 62. Kf1 Nd6 63. Qa6 Qxf5+ 64. Kg2 Qg4+ 65.
Kh2 Nb5 66. Qb7+ Nc7 67. Qb4 Qe2+ 68. Kg3 f5 69. Bf2 f4+ 70. Kg2 Qe4+ 71. Kg1
g4 72. Qf8 g3 73. Qf7+ Kc8 74. Qf8+ Kb7 75. Qb4+ Nb5 76. Be1 Qxd4+ 77. Kg2 Qe4+
78. Kh3 Qh7+ 79. Kg4 g2 80. Bf2 g1=Q+ 0-1

[Event "España ch Sub-16 2008"]
[Site "Padron ESP"]
[Date "2008.07.24"]
[Round "7.8"]
[White "Montañes Arribas, Adrian"]
[Black "Herrera Reyes, Jose Antonio"]
[Result "1-0"]
[PlyCount "101"]
[EventDate "2008.07.20"]
[EventType "swiss"]
[EventRounds "9"]
[EventCountry "ESP"]
[Source "lmi"]
[SourceDate "2008.07.20"]
[WhiteElo "2034"]
[BlackElo "2145"]

1. e4 c5 2. Nf3 e6 3. d4 cxd4 4. Nxd4 a6 5. Bd3 Qc7 6. O-O Nf6 7. Qe2 b5 8. a4
b4 9. e5 Nd5 10. Kh1 Bb7 11. f4 Bc5 12. Nb3 Be7 13. N1d2 d6 14. Nc4 dxe5 15.
fxe5 Nc6 16. a5 h5 17. Bd2 Rd8 18. Rac1 Ba8 19. c3 Qb7 20. Nd6+ Bxd6 21. exd6
bxc3 22. Nc5 cxd2 23. Qxe6+ Qe7 24. dxe7 fxe6 25. exd8=Q+ Nxd8 26. Rcd1 Ne3 27.
Rxd2 Nxf1 28. Bxf1 Bd5 29. Nxa6 Rf8 30. Be2 Ke7 31. Kg1 h4 32. Nc5 g5 33. b4
Nc6 34. Rb2 Kd6 35. a6 Nd4 36. Bd3 g4 37. Ne4+ Ke5 38. Nc3 Ba8 39. Ne2 h3 40.
Nxd4 Kxd4 41. Bf1 Kc3 42. Rb1 Kc2 43. Re1 Rb8 44. b5 hxg2 45. Re2+ Kd1 46. Rxg2
Bf3 47. Ra2 e5 48. a7 Rf8 49. Bg2 Ke1 50. Ra1+ Ke2 51. a8=Q 1-0

[Event "España ch Sub-16 2008"]
[Site "Padron ESP"]
[Date "2008.??.??"]
[Round "7.9"]
[White "Pruja Ramirez De Cartagena, Marc"]
[Black "Gil Quilez, David"]
[Result "1/2-1/2"]
[PlyCount "87"]
[EventDate "2008.07.20"]
[EventType "swiss"]
[EventRounds "9"]
[EventCountry "ESP"]
[Source "lmi"]
[SourceDate "2008.07.20"]
[WhiteElo "2136"]
[BlackElo "2031"]

1. e4 e5 2. Nf3 Nc6 3. Bb5 a6 4. Ba4 Nf6 5. O-O b5 6. Bb3 Be7 7. d4 d6 8. dxe5
Nxe5 9. Nxe5 dxe5 10. Qxd8+ Bxd8 11. a4 Bb7 12. axb5 axb5 13. Rxa8 Bxa8 14. Na3
Bc6 15. c4 b4 16. Nc2 Be7 17. f3 O-O 18. Bd2 Rb8 19. Ne3 Bc5 20. Kh1 Kf8 21.
Nd5 Nxd5 22. cxd5 Bb5 23. Rc1 Bd6 24. Kg1 Ke7 25. Kf2 Kd7 26. Bc4 Bxc4 27. Rxc4
Ra8 28. Ke2 Ra2 29. Bc1 Kc8 30. Kd2 Kb7 31. Kc2 Kb6 32. Kb1 Ra8 33. Be3+ Kb5
34. b3 Ra6 35. Kb2 Ra8 36. g3 f6 37. Rc6 Ra6 38. Rc2 Ra8 39. g4 g6 40. h4 Rf8
41. Kc1 Ra8 42. Kb1 Rf8 43. Kc1 Ra8 44. Kb1 1/2-1/2

[Event "España ch Sub-16 2008"]
[Site "Padron ESP"]
[Date "2008.07.24"]
[Round "7.10"]
[White "Antolin Concha, Diego"]
[Black "Garcia Gil, Bernardino"]
[Result "1-0"]
[PlyCount "65"]
[EventDate "2008.07.20"]
[EventType "swiss"]
[EventRounds "9"]
[EventCountry "ESP"]
[Source "lmi"]
[SourceDate "2008.07.20"]
[WhiteElo "2115"]
[BlackElo "2044"]

1. c4 Nf6 2. g3 g6 3. Bg2 Bg7 4. Nc3 d6 5. Nf3 Nbd7 6. O-O O-O 7. d3 e5 8. Bg5
h6 9. Bxf6 Nxf6 10. Qc2 Nd7 11. Nd2 f5 12. b4 Nf6 13. b5 a5 14. Rab1 f4 15. Qa4
g5 16. Nd5 Nxd5 17. Bxd5+ Kh8 18. b6 c5 19. Rb5 Bd7 20. Bxb7 Rb8 21. Bd5 Rxb6
22. Qxa5 Bxb5 23. cxb5 fxg3 24. hxg3 Qb8 25. a4 e4 26. dxe4 Rb7 27. Bxb7 Qxb7
28. Qa6 Qe7 29. Qc6 Be5 30. a5 Qe6 31. Nf3 Bc3 32. a6 g4 33. Nh4 1-0

[Event "España ch Sub-16 2008"]
[Site "Padron ESP"]
[Date "2008.07.24"]
[Round "7.11"]
[White "Sanchez Gonzalez, Sergio"]
[Black "Moral Garcia, Serafin"]
[Result "0-1"]
[PlyCount "128"]
[EventDate "2008.07.20"]
[EventType "swiss"]
[EventRounds "9"]
[EventCountry "ESP"]
[Source "lmi"]
[SourceDate "2008.07.20"]
[WhiteElo "2228"]
[BlackElo "1948"]

1. c4 c5 2. e3 Nc6 3. Nf3 e5 4. d3 Nf6 5. b3 d6 6. Bb2 g6 7. Nbd2 Bg7 8. a3 O-O
9. Be2 h6 10. Qc2 Be6 11. O-O Qe7 12. Rfe1 Nd7 13. Bf1 f5 14. g3 Qf7 15. Bg2
Rae8 16. b4 g5 17. b5 Ne7 18. d4 Qh5 19. dxe5 dxe5 20. Nf1 Qf7 21. N3d2 e4 22.
Bxg7 Kxg7 23. Qc3+ Qf6 24. Qa5 Nc8 25. Qc7 b6 26. f3 exf3 27. Nxf3 Rf7 28. Qc6
Bxc4 29. N1d2 Be6 30. e4 f4 31. e5 Qg6 32. gxf4 Rxf4 33. Qb7 Rf7 34. Ne4 g4 35.
Nh4 Qh5 36. Nf6 Nxf6 37. exf6+ Kxf6 38. Qc6 Rfe7 39. Rxe6+ Rxe6 40. Rf1+ Kg7
41. Qd7+ Kh8 42. Nf5 Qg6 43. Bd5 Rf6 44. Bc6 Ref8 45. Be4 Nd6 46. Nxd6 Rxf1+
47. Kg2 Qg7 48. Qe6 Qf6 49. Qxf6+ R8xf6 50. Nc8 R1f4 51. Bb7 Ra4 52. Ba6 Rxa6
53. bxa6 Rf7 54. Nd6 Rd7 55. Nb5 c4 56. Kf2 Kg7 57. Ke3 Kf6 58. Kf4 Rd3 59. Ke4
Rb3 60. a4 Rxb5 61. axb5 h5 62. Kd4 h4 63. Kxc4 g3 64. hxg3 hxg3 0-1

[Event "España ch Sub-16 2008"]
[Site "Padron ESP"]
[Date "2008.07.24"]
[Round "7.12"]
[White "Arribas Lopez, Angel"]
[Black "Gomez Calomarde, Saul"]
[Result "1-0"]
[PlyCount "67"]
[EventDate "2008.07.20"]
[EventType "swiss"]
[EventRounds "9"]
[EventCountry "ESP"]
[Source "lmi"]
[SourceDate "2008.07.20"]
[WhiteElo "2332"]
[BlackElo "2008"]

1. e4 c5 2. Nf3 Nc6 3. Bb5 g6 4. O-O Bg7 5. c3 e5 6. Bxc6 dxc6 7. Na3 Ne7 8.
Nc4 Bg4 9. h3 Bxf3 10. Qxf3 b5 11. Na3 Qd6 12. d3 Rd8 13. Be3 O-O 14. Rad1 f5
15. Bg5 Bf6 16. Bc1 Rf7 17. Nc2 Qe6 18. b3 f4 19. Ba3 g5 20. Bxc5 Ng6 21. Qg4
Qe8 22. Ne1 Rdd7 23. Nf3 h6 24. Rfe1 Rh7 25. Qh5 Rdg7 26. d4 Qc8 27. Nh2 Bd8
28. dxe5 Bc7 29. Ng4 Bxe5 30. Bd4 Bxd4 31. Rxd4 f3 32. g3 Qe6 33. e5 Rf7 34.
Rd6 1-0

[Event "España ch Sub-16 2008"]
[Site "Padron ESP"]
[Date "2008.07.24"]
[Round "7.13"]
[White "Collado Barbas, Laura"]
[Black "Coll Ortega, Jordi"]
[Result "0-1"]
[PlyCount "118"]
[EventDate "2008.07.20"]
[EventType "swiss"]
[EventRounds "9"]
[EventCountry "ESP"]
[Source "lmi"]
[SourceDate "2008.07.20"]
[WhiteElo "1983"]
[BlackElo "2206"]

1. d4 d5 2. c4 c6 3. Nf3 Nf6 4. e3 Bg4 5. Qb3 Qb6 6. Ne5 Bf5 7. Be2 h6 8. Bd2
e6 9. O-O Nbd7 10. Nxd7 Nxd7 11. Qxb6 axb6 12. Nc3 Be7 13. f3 Nf6 14. Rfe1 O-O
15. Bf1 Rfd8 16. Rad1 Bg6 17. a3 dxc4 18. Bxc4 c5 19. dxc5 Bc2 20. cxb6 Bxd1
21. Rxd1 Bc5 22. Kf1 Bxb6 23. Ke2 Rac8 24. Ba2 g5 25. b4 Bc7 26. g3 Be5 27. Nb5
Nd5 28. e4 Nc7 29. Nxc7 Rxc7 30. Bb3 Rcd7 31. a4 Rd3 32. Bc4 Ra3 33. a5 Rd4 34.
Rc1 Rd8 35. Rc2 Ra1 36. Be1 Rdd1 37. Bc3 Bxc3 38. Rxc3 Rh1 39. Kd3 Rad1+ 40.
Kc2 Rc1+ 41. Kb3 Rxc3+ 42. Kxc3 Kf8 43. b5 Ke7 44. a6 bxa6 45. bxa6 Kd8 46. Kd4
Kc7 47. Ke5 Rxh2 48. Kf6 Rh3 49. Kxf7 Rxg3 50. Bxe6 Rxf3+ 51. Kg6 Kb6 52. Bf5
Rf4 53. Kxh6 g4 54. Kh5 g3 55. Bh3 Rxe4 56. Kg5 Kxa6 57. Kf5 Rb4 58. Bf1+ Ka5
59. Bg2 Rb2 0-1

[Event "España ch Sub-16 2008"]
[Site "Padron ESP"]
[Date "2008.07.24"]
[Round "7.14"]
[White "Adan Bermudez, Sergio"]
[Black "Alonso Macias, Victor"]
[Result "1-0"]
[PlyCount "63"]
[EventDate "2008.07.20"]
[EventType "swiss"]
[EventRounds "9"]
[EventCountry "ESP"]
[Source "lmi"]
[SourceDate "2008.07.20"]
[WhiteElo "2205"]
[BlackElo "1977"]

1. c4 e5 2. g3 Nc6 3. Bg2 d6 4. Nc3 Be6 5. Nd5 Qd7 6. Qa4 g6 7. d3 Bg7 8. Rb1
f5 9. b4 Nf6 10. b5 Nd8 11. Qa5 Nxd5 12. cxd5 Bf7 13. Be3 b6 14. Qa6 O-O 15.
Bg5 h6 16. Bxd8 Qxd8 17. e4 Qf6 18. Ne2 fxe4 19. Bxe4 g5 20. O-O Bh5 21. f3 Bg6
22. g4 h5 23. h3 h4 24. Rbc1 Rfc8 25. Rc3 Bf8 26. Ra3 Qg7 27. Rc1 Be8 28. Rac3
Kh8 29. Bf5 Bd7 30. Rxc7 Rxc7 31. Rxc7 Bxb5 32. Qb7 1-0

[Event "España ch Sub-16 2008"]
[Site "Padron ESP"]
[Date "2008.07.24"]
[Round "7.15"]
[White "Castillo Sanjuan, Daniel"]
[Black "Forcen Esteban, Daniel"]
[Result "1-0"]
[PlyCount "28"]
[EventDate "2008.07.20"]
[EventType "swiss"]
[EventRounds "9"]
[EventCountry "ESP"]
[Source "lmi"]
[SourceDate "2008.07.20"]
[WhiteElo "1911"]
[BlackElo "2200"]

1. f4 e5 2. e4 exf4 3. Nf3 Be7 4. Bc4 Bh4+ 5. Kf1 Nc6 6. a3 Nh6 7. c3 Ng4 8.
Nxh4 Qxh4 9. Qe2 Nce5 10. Bb5 Nxh2+ 11. Kg1 Nef3+ 12. Qxf3 Nxf3+ 13. gxf3 Qg5+
14. Kf2 Qxb5 1-0

[Event "España ch Sub-16 2008"]
[Site "Padron ESP"]
[Date "2008.07.24"]
[Round "7.16"]
[White "Baragano Campa, David"]
[Black "Garcia Salamero, Gabriel"]
[Result "1/2-1/2"]
[PlyCount "78"]
[EventDate "2008.07.20"]
[EventType "swiss"]
[EventRounds "9"]
[EventCountry "ESP"]
[Source "lmi"]
[SourceDate "2008.07.20"]
[WhiteElo "2177"]
[BlackElo "1973"]

1. e4 e5 2. Nf3 Nf6 3. Nxe5 d6 4. Nf3 Nxe4 5. Nc3 Nxc3 6. dxc3 Be7 7. Bf4 Nd7
8. Qd2 O-O 9. O-O-O Nc5 10. h4 Bf6 11. Bd3 Nxd3+ 12. Qxd3 Qd7 13. Rdg1 Qa4 14.
Bg5 Be5 15. Kb1 Be6 16. b3 Qa5 17. Nxe5 dxe5 18. g4 f6 19. Bc1 Rad8 20. Qe3 Qb6
21. Qe2 Qc5 22. Bb2 b5 23. Re1 Bd5 24. Rhg1 Rfe8 25. Rg3 Re6 26. Re3 e4 27. Qf1
Rde8 28. Rd1 a5 29. Rd4 Bc6 30. Qe1 Rd6 31. f3 f5 32. gxf5 Rxd4 33. cxd4 Qxf5
34. d5 Bxd5 35. Qc3 Qd7 36. a3 Re7 37. fxe4 Bxe4 38. Ka2 a4 39. Qe1 Qe6 1/2-1/2

[Event "España ch Sub-16 2008"]
[Site "Padron ESP"]
[Date "2008.07.23"]
[Round "7.17"]
[White "Silva Rodriguez, Fernando"]
[Black "Marcos Pinto, Luis"]
[Result "1-0"]
[PlyCount "73"]
[EventDate "2008.07.20"]
[EventType "swiss"]
[EventRounds "9"]
[EventCountry "ESP"]
[Source "lmi"]
[SourceDate "2008.07.20"]
[WhiteElo "1890"]
[BlackElo "2115"]

1. e4 c5 2. Nf3 Nc6 3. d4 cxd4 4. Nxd4 e5 5. Nb5 Nf6 6. N1c3 d6 7. Bg5 a6 8.
Na3 b5 9. Bxf6 gxf6 10. Nd5 f5 11. Bd3 Be6 12. c3 Bxd5 13. exd5 Ne7 14. O-O Bg7
15. Nc2 O-O 16. a4 bxa4 17. Rxa4 a5 18. Qd2 Rb8 19. Ne3 e4 20. Be2 Bh6 21. Rfa1
Qb6 22. R1a2 Bxe3 23. fxe3 Ra8 24. g3 Rfc8 25. b4 Nxd5 26. Qxd5 Qxe3+ 27. Kg2
Qxc3 28. Rxa5 Rxa5 29. bxa5 Rc5 30. Qxd6 Kg7 31. a6 Qe3 32. a7 Ra5 33. a8=Q
Rxa8 34. Qe5+ Kg6 35. Bh5+ Kxh5 36. Qxf5+ Kh6 37. Rxa8 1-0

[Event "España ch Sub-16 2008"]
[Site "Padron ESP"]
[Date "2008.07.23"]
[Round "7.18"]
[White "Bardera Gil, Sergi"]
[Black "Rioboo De Larriva, Alvaro"]
[Result "0-1"]
[PlyCount "94"]
[EventDate "2008.07.20"]
[EventType "swiss"]
[EventRounds "9"]
[EventCountry "ESP"]
[Source "lmi"]
[SourceDate "2008.07.20"]
[WhiteElo "2101"]
[BlackElo "1964"]

1. e4 c5 2. Nf3 Nc6 3. d4 cxd4 4. Nxd4 g6 5. Nc3 Bg7 6. Be3 Nf6 7. Bc4 Qa5 8.
O-O O-O 9. Bb3 d6 10. h3 Bd7 11. Qd2 Nxd4 12. Qxd4 Ng4 13. Qd5 Bxc3 14. bxc3
Qxd5 15. exd5 Nxe3 16. fxe3 Rac8 17. c4 b6 18. Rf4 Rc5 19. e4 Bc8 20. Re1 f6
21. Re2 Ba6 22. Ref2 Rfc8 23. g4 g5 24. Rf5 Bxc4 25. h4 Bxb3 26. cxb3 Rc1+ 27.
Kg2 h6 28. hxg5 hxg5 29. Re2 R8c2 30. Rff2 Rxe2 31. Rxe2 Kf7 32. Rd2 Rc3 33.
Re2 Ke8 34. Kf2 Kd7 35. Re3 Rc2+ 36. Re2 Rc1 37. Re1 Rxe1 38. Kxe1 e6 39. Ke2
Ke7 40. Kf3 Kf7 41. Ke3 exd5 42. exd5 Kg6 43. Ke4 f5+ 44. gxf5+ Kf6 45. a3 a6
46. a4 a5 47. Kd4 Kxf5 0-1

[Event "España ch Sub-16 2008"]
[Site "Padron ESP"]
[Date "2008.07.23"]
[Round "7.19"]
[White "De Nacimiento Montano, Angel"]
[Black "Gonzalez Laso, Adrian"]
[Result "1-0"]
[PlyCount "65"]
[EventDate "2008.07.20"]
[EventType "swiss"]
[EventRounds "9"]
[EventCountry "ESP"]
[Source "lmi"]
[SourceDate "2008.07.20"]
[WhiteElo "2099"]
[BlackElo "1927"]

1. e4 c5 2. Nc3 Nc6 3. Nf3 d6 4. d4 cxd4 5. Nxd4 Nf6 6. Be2 g6 7. O-O Bg7 8.
Nb3 a6 9. Re1 O-O 10. Bf1 b5 11. Bg5 e6 12. a3 Qc7 13. Qd2 Bb7 14. Rad1 Ne8 15.
h3 Rc8 16. Bh6 Rd8 17. Bxg7 Nxg7 18. Qh6 Ne7 19. Nd4 d5 20. Nf3 f6 21. Nd4 Qd6
22. exd5 Nxd5 23. Ne4 Qe7 24. c3 e5 25. Ng3 Qf7 26. Nf3 Nf5 27. Nxf5 gxf5 28.
Nh4 Ne7 29. Bd3 e4 30. Bf1 Qg7 31. Qf4 Qg5 32. Qc7 Rxd1 33. Rxd1 1-0

[Event "España ch Sub-16 2008"]
[Site "Padron ESP"]
[Date "2008.07.23"]
[Round "7.20"]
[White "Marrero Falcon, Hector"]
[Black "Jimenez Lupianez, Laura"]
[Result "0-1"]
[PlyCount "122"]
[EventDate "2008.07.20"]
[EventType "swiss"]
[EventRounds "9"]
[EventCountry "ESP"]
[Source "lmi"]
[SourceDate "2008.07.20"]
[WhiteElo "2044"]
[BlackElo "1901"]

1. Nf3 d5 2. c4 d4 3. e3 c5 4. b4 dxe3 5. fxe3 cxb4 6. d4 e6 7. Bd3 Nc6 8. O-O
g6 9. a3 b3 10. Nbd2 Bg7 11. Bb2 Nge7 12. Nxb3 a5 13. Qe2 O-O 14. Rad1 Qb6 15.
Bc2 Bd7 16. c5 Qc7 17. Nfd2 a4 18. Nc1 e5 19. Nc4 exd4 20. exd4 Nd5 21. Qf3 Be6
22. Be4 Rad8 23. Nd6 Nxd4 24. Bxd4 Bxd4+ 25. Rxd4 Qxc5 26. Rfd1 Rxd6 27. Kh1
Rfd8 28. Qg3 R6d7 29. Qe5 b6 30. Nd3 Qc7 31. Bxd5 Qxe5 32. Nxe5 Rxd5 33. Rxd5
Rxd5 34. Rxd5 Bxd5 35. Nd7 Kg7 36. Nxb6 Bb3 37. Kg1 Kf6 38. Kf2 Ke6 39. Ke3 h5
40. Nc8 Kd7 41. Na7 Kd6 42. Nb5+ Kc5 43. Nc3 Kc4 44. Ne4 Ba2 45. Nd6+ Kb3 46.
Nxf7 Kxa3 47. Ne5 Bb1 48. Kd2 Kb3 49. Kc1 Be4 50. Nd7 Bxg2 51. h4 Bh3 52. Nc5+
Kb4 53. Nd3+ Kc3 54. Nc5 a3 55. Kb1 Kc4 56. Nb7 Be6 57. Nd6+ Kb4 58. Ka1 Kc5
59. Ne4+ Kd4 60. Ng5 Bg8 61. Nf3+ Ke4 0-1

[Event "España ch Sub-16 2008"]
[Site "Padron ESP"]
[Date "2008.07.23"]
[Round "7.21"]
[White "Donoso Sanchez, Alejandro"]
[Black "Iglesias Gascon, David"]
[Result "0-1"]
[PlyCount "70"]
[EventDate "2008.07.20"]
[EventType "swiss"]
[EventRounds "9"]
[EventCountry "ESP"]
[Source "lmi"]
[SourceDate "2008.07.20"]
[WhiteElo "2023"]
[BlackElo "1904"]

1. e4 e6 2. d4 d5 3. Nd2 c5 4. exd5 Qxd5 5. Ngf3 cxd4 6. Bc4 Qd6 7. O-O Nf6 8.
Nb3 Nc6 9. Nbxd4 Nxd4 10. Nxd4 a6 11. a4 Qc7 12. Qe2 Be7 13. c3 Bd7 14. Nc2 O-O
15. Bd2 Bd6 16. h3 Rfe8 17. Bd3 e5 18. Ne3 e4 19. Bc2 Be6 20. Rfc1 Qc5 21. c4
Qe5 22. Nf1 Qc5 23. Bd1 Rac8 24. b4 Qf5 25. Rab1 Qg6 26. Kh1 Nd7 27. c5 Bb8 28.
Bb3 Ne5 29. Bxe6 Rxe6 30. b5 Nd3 31. Rc4 Nxf2+ 32. Qxf2 e3 33. Bxe3 Qxb1 34.
Rc1 Qb3 35. Bf4 Rf6 0-1

[Event "España ch Sub-16 2008"]
[Site "Padron ESP"]
[Date "2008.07.23"]
[Round "7.22"]
[White "Colom Sienes, Eduardo"]
[Black "Navarro Diaz, Carles"]
[Result "0-1"]
[PlyCount "120"]
[EventDate "2008.07.20"]
[EventType "swiss"]
[EventRounds "9"]
[EventCountry "ESP"]
[Source "lmi"]
[SourceDate "2008.07.20"]
[WhiteElo "1950"]
[BlackElo "2020"]

1. e4 e5 2. Nf3 Nf6 3. Nxe5 Nxe4 4. Qe2 Qe7 5. Qxe4 d6 6. Nc3 Qxe5 7. Qxe5+
dxe5 8. Bc4 Nc6 9. O-O Nd4 10. Bd3 Bd6 11. a4 Bd7 12. Nb5 Ne6 13. Nxd6+ cxd6
14. b3 O-O-O 15. Be4 g6 16. d3 f5 17. Bd5 f4 18. Ba3 Kc7 19. b4 g5 20. b5 g4
21. a5 Bc8 22. b6+ Kb8 23. bxa7+ Kxa7 24. Rfb1 Nc7 25. Bc4 h5 26. d4 e4 27. d5
Na6 28. Rb6 Rh6 29. Bb2 Nc5 30. Bd4 Rh7 31. Rab1 Rc7 32. R1b5 f3 33. Rxd6 Rxd6
34. Bxc5+ Rxc5 35. Rxc5 Bf5 36. Rc7 Kb8 37. Re7 b5 38. axb6 Rxb6 39. c3 Rb1+
40. Bf1 Bc8 41. Rxe4 Kc7 42. gxf3 gxf3 43. Rh4 Ba6 44. c4 Kd6 45. Rf4 Ke5 46.
Rh4 Kd6 47. h3 Rc1 48. Rf4 Kc5 49. Rf6 Bxc4 50. Rc6+ Kxd5 51. Rxc4 Rxc4 52.
Bxc4+ Kxc4 53. Kh2 h4 54. Kg1 Kd3 55. Kf1 Kd2 56. Kg1 Ke1 57. Kh1 Kxf2 58. Kh2
Ke2 59. Kh1 f2 60. Kh2 f1=R 0-1

[Event "España ch Sub-16 2008"]
[Site "Padron ESP"]
[Date "2008.07.23"]
[Round "7.23"]
[White "Moreno Martin, Daniel"]
[Black "Benarque Lopez, Francisco Jose"]
[Result "1-0"]
[PlyCount "75"]
[EventDate "2008.07.20"]
[EventType "swiss"]
[EventRounds "9"]
[EventCountry "ESP"]
[Source "lmi"]
[SourceDate "2008.07.20"]
[WhiteElo "2091"]
[BlackElo "1889"]

1. e4 e5 2. Nf3 Nc6 3. Bb5 a6 4. Ba4 Nf6 5. O-O Nxe4 6. d4 exd4 7. Re1 d5 8.
Nxd4 Bd6 9. Nxc6 Bxh2+ 10. Kh1 Qh4 11. Rxe4+ dxe4 12. Qd8+ Qxd8 13. Nxd8+ Kxd8
14. Kxh2 Be6 15. Nd2 c5 16. c3 b5 17. Bc2 f5 18. Nb3 Bxb3 19. Bxb3 Kc7 20. Bf4+
Kc6 21. a4 h6 22. Be5 c4 23. Bc2 Rhg8 24. g4 Rae8 25. Bd4 f4 26. Kg2 e3 27. f3
Kd5 28. axb5 axb5 29. Kf1 Re7 30. Ke2 h5 31. gxh5 Rb8 32. Ra6 b4 33. Ra5+ Kc6
34. Ba4+ Kc7 35. Rc5+ Kd8 36. Rxc4 bxc3 37. Bxc3 g5 38. Ba5+ 1-0